000 00296nam a22001337a 4500
008 181204b xxu||||| |||| 00| 0 eng d
020 _a0471148792
041 _aeng
080 _a004
100 _a35
101 _aSHK
245 _aTrading Systems And Methods
_cKaufman.M
942 _2udc
_cBK
999 _c52769
_d52769